00467nam a22001577a 450000500170000001000150001702000250003203500140005703700130007108200080008410000190009224500470011126000360015827000950019430000200028920191121142744.0 aENG-126961 a9789383657520c55.00 aEN-110493 bDBAD/PUB a128 aFromm, Erich S aMarx's concept of man / cby Erich S Fromm aNew DelhibCritical Questc2019 a420, G/Block, Phase VI , Aya NagarbNew Delhie110047k9910036543mcriticalquest@gmail.com a72p.c21cm(pbk)